[Event "Ruhrgebiet Verbandsbezirksliga Gr 1"]
[Site "Ruhrgebiet"]
[Date "2019.03.03"]
[Round "7.7"]
[White "Breuker, Detlef"]
[Black "Rau, Markus"]
[Result "0-1"]
[WhiteElo "1662"]
[BlackElo "1659"]
[PlyCount "76"]
[EventDate "2018.09.30"]
[EventType "team-tourn"]
[EventRounds "9"]
[EventCountry "GER"]
[SourceTitle "EXT 2022"]
[Source "ChessBase"]
[SourceDate "2021.10.06"]
[SourceVersion "1"]
[SourceVersionDate "2021.10.06"]
[SourceQuality "1"]
[WhiteTeam "Luenen Horstmar SC"]
[BlackTeam "Hamm SV II"]
[WhiteTeamCountry "GER"]
[BlackTeamCountry "GER"]

1. f4 d5 2. Nf3 f5 3. e3 Nf6 4. b3 e6 5. Bb2 b6 6. Nc3 Ba6 7. Bxa6 Nxa6 8. Qe2 Nc5 9. Qb5+ Nfd7 10. Qc6 Bd6 11. Nb5 0-0 12. Nxd6 cxd6 13. Qxd6 Qe8 14. d3 Rc8 15. Nd4 Rf7 16. 0-0 Nf8 17. Nxe6 Qxe6 18. Qxe6 Nfxe6 19. Rad1 Nd7 20. c4 dxc4 21. dxc4 Ndc5 22. Rd5 Rd8 23. Rxd8+ Nxd8 24. Bd4 Rd7 25. b4 Ne4 26. a4 Nc6 27. Bb2 Nxb4 28. a5 bxa5 29. h3 Rd3 30. Ra1 Nc6 31. Bd4 Nxd4 32. exd4 Rxd4 33. Rxa5 Rxc4 34. Rxa7 Rc1+ 35. Kh2 Rf1 36. g3 Rf2+ 37. Kg1 Rf3 38. Kg2 Rxg3+ 0-1

[Event "Ruhrgebiet Verbandsbezirksliga Gr 1"]
[Site "Ruhrgebiet"]
[Date "2018.10.28"]
[Round "2.5"]
[White "Unruh, Markus"]
[Black "Rau, Markus"]
[Result "1-0"]
[WhiteElo "1740"]
[BlackElo "1674"]
[PlyCount "63"]
[EventDate "2018.09.30"]
[EventType "team-tourn"]
[EventRounds "9"]
[EventCountry "GER"]
[SourceTitle "EXT 2022"]
[Source "ChessBase"]
[SourceDate "2021.10.06"]
[SourceVersion "1"]
[SourceVersionDate "2021.10.06"]
[SourceQuality "1"]
[WhiteTeam "Hamm SG Caissa"]
[BlackTeam "Hamm SV II"]
[WhiteTeamCountry "GER"]
[BlackTeamCountry "GER"]

1. e4 Nc6 2. Nf3 f5 3. exf5 d5 4. Nh4 Nh6 5. Qh5+ g6 6. fxg6 hxg6 7. Qxg6+ Nf7 8. Nf5 Bxf5 9. Qxf5 Nd4 10. Qd3 c5 11. c3 Ne5 12. Qg3 Nc2+ 13. Kd1 Nxa1 14. Qxe5 Rh6 15. Bb5+ Kf7 16. d4 Bg7 17. Qf5+ Rf6 18. Qh5+ Kf8 19. Bd3 cxd4 20. Bg5 Rc6 21. Re1 Rc7 22. Bh6 Qd6 23. Bxg7+ Kxg7 24. Qh7+ Kf8 25. Qh8+ Kf7 26. Qxa8 dxc3 27. Nxc3 Qf4 28. Qh8 d4 29. Qh7+ Ke8 30. Qg8+ Kd7 31. Bb5+ Kd6 32. Qd5# 1-0

[Event "Ruhrgebiet Verbandsklasse Gruppe 1 1718"]
[Site "Germany"]
[Date "2018.02.25"]
[Round "7.7"]
[White "Schwammbach, Frank"]
[Black "Rau, Markus"]
[Result "0-1"]
[WhiteElo "1781"]
[BlackElo "1506"]
[PlyCount "88"]
[EventDate "2017.09.17"]
[EventType "team-tourn"]
[EventRounds "9"]
[EventCountry "GER"]
[SourceTitle "EXT 2022"]
[Source "ChessBase"]
[SourceDate "2021.10.06"]
[SourceVersion "1"]
[SourceVersionDate "2021.10.06"]
[SourceQuality "1"]
[WhiteTeam "Waltrop SV"]
[BlackTeam "Hamm SV II"]
[WhiteTeamCountry "GER"]
[BlackTeamCountry "GER"]

1. d4 Nf6 2. c4 e5 3. d5 Bc5 4. e3 d6 5. Nc3 Bf5 6. Nf3 0-0 7. Be2 c6 8. 0-0 cxd5 9. cxd5 Nbd7 10. Nh4 Be4 11. Nxe4 Nxe4 12. Nf3 Nef6 13. a3 a5 14. Bc4 e4 15. Ne1 Ne5 16. Ba2 Qb6 17. Rb1 Rfc8 18. Bd2 Nfd7 19. Bc3 Qa6 20. Bd4 b5 21. f3 exf3 22. Nxf3 b4 23. Bxc5 Rxc5 24. axb4 axb4 25. Bb3 Nxf3+ 26. Qxf3 Ne5 27. Qf4 Qd3 28. Ra1 Rca5 29. Rxa5 Rxa5 30. Qxb4 Qxe3+ 31. Kh1 Ra8 32. Bc2 Qe2 33. Rc1 Qxc2 34. Re1 Nd3 35. Qb7 Qc8 36. Qxc8+ Rxc8 37. Rb1 Rc1+ 38. Rxc1 Nxc1 39. g3 f5 40. Kg2 Kf7 41. Kf3 Kf6 42. Ke3 Ke5 43. Kd2 Na2 44. Kc2 Nb4+ 0-1

[Event "Ruhrgebiet Bezirksliga 16/17"]
[Site "Ruhrgebiet"]
[Date "2016.10.09"]
[Round "3.7"]
[White "Rau, Markus"]
[Black "Breuer, Mathias"]
[Result "0-1"]
[WhiteElo "1576"]
[BlackElo "1603"]
[PlyCount "52"]
[EventDate "2016.08.28"]
[EventType "team-tourn"]
[EventRounds "11"]
[EventCountry "GER"]
[SourceTitle "EXT 2022"]
[Source "ChessBase"]
[SourceDate "2021.10.06"]
[SourceVersion "1"]
[SourceVersionDate "2021.10.06"]
[SourceQuality "1"]
[WhiteTeam "Hamm SV II"]
[BlackTeam "Hamm SG Caissa"]
[WhiteTeamCountry "GER"]
[BlackTeamCountry "GER"]

1. d4 Nf6 2. Nf3 g6 3. c4 c5 4. e3 Bg7 5. Nc3 cxd4 6. exd4 0-0 7. Bd3 d5 8. 0-0 dxc4 9. Bxc4 a6 10. Re1 b5 11. Bb3 Bb7 12. Bg5 Nbd7 13. Qe2 e6 14. Ne5 Qb6 15. Rad1 Rad8 16. d5 Nxe5 17. dxe6 Rxd1 18. Rxd1 Nc4 19. Bxc4 bxc4 20. exf7+ Rxf7 21. Qxc4 Qc6 22. Rd8+ Bf8 23. Qxc6 Bxc6 24. Bh6 Ng4 25. Bxf8 Rxf8 26. f3 Rxd8 0-1